| 000 | 00603npc a2200229Ia 4500 | ||
|---|---|---|---|
| 001 | dd2-404 [d000000303] | ||
| 003 | IT-MiCISF | ||
| 008 | 161014s9999||||xx | und|| | ||
| 040 |
_aIT-MiCISF _cIT-MiCISF |
||
| 041 | _ait | ||
| 100 | _aCampanini Giorgio | ||
| 245 | 0 | _aLa coabitazione giovanile | |
| 250 | _a1a ed. | ||
| 260 |
_a Leumann (TO) _bElle Di Ci _c1985 |
||
| 300 | _ap. 32 | ||
| 500 | _a / famiglia, convivenza, giovani, matrimonio, comparazione / | ||
| 650 | _afamiglia | ||
| 700 | _aFiore Carlo | ||
| 700 | _aThevenot Xavier | ||
| 942 | _cDD | ||
| 957 | _71 | ||
| 999 |
_a404 _bsi _g1 _c208227 _d208227 |
||